सुखी जीवन के लिए प्रसन्न रहना सीखे / (Record no. 208439)

MARC details
000 -LEADER
fixed length control field 00794nam a22001817a 4500
005 - DATE AND TIME OF LATEST TRANSACTION
control field 20250113163519.0
010 ## - LCCN (DPL NO)
LC control number HIN-129247
020 ## - INTERNATIONAL STANDARD BOOK NUMBER
International Standard Book Number 9788194158189
Terms of availability 495.00
035 ## - SYSTEM CONTROL NUMBER
System control number HN-101593
037 ## - SOURCE OF ACQUISITION
Source of stock number/acquisition DBAD
082 ## - DEWEY DECIMAL CLASSIFICATION NUMBER
Classification number 158.1
100 ## - MAIN ENTRY--PERSONAL NAME
Personal name विक्रम दीवान
245 ## - TITLE STATEMENT
Title सुखी जीवन के लिए प्रसन्न रहना सीखे /
Remainder of title विक्रम दीवान
260 ## - PUBLICATION, DISTRIBUTION, ETC. (IMPRINT)
Place of publication, distribution, etc दिल्ली
Name of publisher, distributor, etc किताबवाला
Date of publication, distribution, etc 2020
270 ## - ADDRESS
Address 2356, हडसन लाइन , गुरु तेग बहदुर नगर,
City दिल्ली
Postal code 110009
Telephone number 9654444181
Electronic mail address kitabwallah@gmail.com
300 ## - PHYSICAL DESCRIPTION
Extent 149 पृ.
Dimensions 22 सेमी (सजिल्द )
942 ## - ADDED ENTRY ELEMENTS (KOHA)
Source of classification or shelving scheme Dewey Decimal Classification
Item type Hindi Books
Classification part 158.1
Call number suffix दीवान
Holdings
Withdrawn status Lost status Not for loan Collection code Home library Current library Date acquired Source of acquisition Cost, normal purchase price Full call number Barcode Copy number Cost, replacement price Koha item type
      Non-fiction Kadipur Kadipur 13/01/2025 DBAD 495.00 158.1 दीवान HN-101593 1 495.00 Hindi Books

© Delhi Public Library
Hit Counter
free hit counter